| 000 | 00512nam a22001697a 4500 | ||
|---|---|---|---|
| 005 | 20251108171819.0 | ||
| 008 | 250721s1994 xx 000 0 ara d | ||
| 082 | 1 | 4 | _aق/ميك |
| 100 | 1 |
_aتادرس، اربت فايز _eترجمة |
|
| 245 | 1 | 0 | _aميكي قاهر القراصنة / |
| 264 | 1 |
_aالقاهرة : _bدار المعارف، _c1994. |
|
| 300 | _a99ص : مص | ||
| 490 | 0 | _aوالت ديزني : ميكي وبطوط | |
| 650 | 1 | 7 | _aقصص الأطفال |
| 942 |
_2ddc _cBK |
||
| 999 |
_c63253 _d63253 |
||